000
00324nam a22001457a 4500
005
20180412170205.0
008
160629b xxu||||| |||| 00| 0 eng d
041
_a
eng
082
_b
10888
_a
348
245
_a
Contract labour Act 1970
260
_b
Law Pain
_c
2006
300
_a
93
650
_a
Management
_9
241
942
_c
BK
999
_c
4798
_d
4796